00398 2200169 4500245004500000020001800045250000900063100001700072700001000089650001100099005001900110260003900129041001400168084001000182300002700192336000900219 aYang Penting Yakin !c@Tausiyahku_hText a979-017-334-2 a2016 a@Tausiyahku_ aIdhan aAkhlak a20240906104933 aJakarta SelatanbQultumMediac2016 aIndonesia a297.5 axiv + 186 hal :c20 cm atext